000 00627nam a22002417a 4500
003 OSt
005 20140310183059.0
008 130301t xxu||||| |||| 00| 0 eng d
020 _a9789710070114
050 _aBX 235.5
_b.G613 2010
082 _aFil 248.4
_bG557e 2010
245 _aEnjoy God's best for your life
_cGogna,Arun
260 _aQuezon City :
_bShepherd's Voice Pub.,
_cc2010
300 _a199 p. :
_bill. ;
_c22 cm.
521 _aCollege
526 _c1210L-1700L
541 _j1
541 _j2
541 _j3
541 _j4
562 _e4
942 _2lcc
_cBK
_kFIL
999 _c18719
_d18719